000 00722nam a2200265Ia 4500
005 20260121165649.0
008 008 260114s9999 xx 000 0 eng d
020 _a9783319417639
037 _aEBOOK
040 _aCRL
040 _beng
040 _cCRL
041 _2eng
041 _aeng
084 _qCRL
100 _aDavid Aspinall, Jan Camenisch, Marit Hansen, Simone Fischer-Hübner, Charles Raab
_91054519
245 0 _aPrivacy and Identity Management. Time for a Revolution?
260 _bSpringer
260 _bSpringer
260 _c2016
856 _uhttps://link.springer.com/openurl?genre=book&isbn=978-3-319-41763-9
942 _cEBOOK
999 _c1620245
_d1620245